000 00499nam a2200133Ia 4500
008 171212s9999 xx 000 0 und d
020 _a9780874216332
100 _aBooth, Wayne C.
245 _cBooth, Wayne C.
_aMy Many Selves
_bThe Quest for a Plausible Harmony
260 _bUniversity Press of Colorado
_c2006
650 _aBooth, Wayne C.; Critics -- United States -- Biography; Mormons -- United States -- Biography
650 _aEducation
856 _uwww.jstor.org/stable/10.2307/j.ctt4cgq8j
999 _c353119
_d353119